[Event "Jena Schwarzer Baer op"]
[Site "Jena"]
[Date "2009.02.07"]
[Round "6"]
[White "Berkov, Mikhail"]
[Black "Schubert, Johannes"]
[Result "1-0"]
[WhiteElo "1411"]
[BlackElo "1791"]
[PlyCount "59"]
[EventDate "2009.02.04"]
[EventType "swiss"]
[EventRounds "7"]
[EventCountry "GER"]
[SourceTitle "EXT 2010"]
[Source "ChessBase"]
[SourceDate "2010.11.25"]
[SourceVersion "1"]
[SourceVersionDate "2010.11.25"]
[SourceQuality "1"]

1. e4 e5 2. Nf3 Nc6 3. Bb5 a6 4. Ba4 Nf6 5. 0-0 b5 6. Bb3 d6 7. h3 Be7 8. c3 0-0 9. d4 Na5 10. dxe5 Nxe4 11. Bd5 Nxf2 12. Rxf2 dxe5 13. Rd2 Bc5+ 14. Kh1 Qe7 15. Bxa8 Nc4 16. Re2 Bxh3 17. gxh3 Rxa8 18. b3 Rd8 19. Qf1 Nd6 20. Rxe5 Qf8 21. Bf4 Ne8 22. Nbd2 Bd6 23. Rd5 Nf6 24. Bxd6 cxd6 25. Rg5 h6 26. Rg2 Nh5 27. Nd4 Kh8 28. Qf3 Nf6 29. Rag1 Ne8 30. Nc6 1-0

[Event "Jena Schwarzer Baer op"]
[Site "Jena"]
[Date "2009.02.04"]
[Round "1"]
[White "Schubert, Johannes"]
[Black "Foerster, Soeren"]
[Result "0-1"]
[WhiteElo "1788"]
[BlackElo "2026"]
[PlyCount "86"]
[EventDate "2009.02.04"]
[EventType "swiss"]
[EventRounds "7"]
[EventCountry "GER"]
[SourceTitle "EXT 2010"]
[Source "ChessBase"]
[SourceDate "2010.11.25"]
[SourceVersion "1"]
[SourceVersionDate "2010.11.25"]
[SourceQuality "1"]

1. e4 e5 2. Nf3 Nc6 3. Bb5 Nf6 4. 0-0 Nxe4 5. Bxc6 dxc6 6. Re1 Nd6 7. Nxe5 Be7 8. d4 0-0 9. c4 Nf5 10. Nf3 Bf6 11. Be3 c5 12. Qc1 cxd4 13. Bg5 c5 14. Bxf6 Qxf6 15. Nbd2 Nd6 16. b4 cxb4 17. c5 Nf5 18. Ne4 Qa6 19. g4 Nh6 20. Nxd4 Bxg4 21. Qg5 Qg6 22. Qf4 Rad8 23. Ng3 Qd3 24. Nb3 Qf3 25. Qe4 f5 26. Qe6+ Kh8 27. Re3 f4 28. Rxf3 Bxe6 29. Nf1 Bg4 30. Nfd2 Bxf3 31. Nxf3 Rfe8 32. Nfd4 Re4 33. Nb5 f3 34. h3 Rd5 35. Kh2 Rg5 36. Rg1 Rxg1 37. Kxg1 Re1+ 38. Kh2 Nf5 39. Nd6 Nxd6 40. cxd6 Rd1 41. Kg3 Rxd6 42. Kxf3 Rd3+ 43. Kg4 Rxb3 0-1

[Event "Jena Fair op 8th"]
[Site "Jena"]
[Date "2008.10.18"]
[Round "6"]
[White "Schubert, Johannes"]
[Black "Hegner, Uwe"]
[Result "1-0"]
[WhiteElo "1788"]
[BlackElo "1199"]
[PlyCount "37"]
[EventDate "2008.10.15"]
[EventType "swiss"]
[EventRounds "9"]
[EventCountry "GER"]
[SourceTitle "EXT 2009"]
[Source "ChessBase"]
[SourceDate "2008.11.26"]
[SourceVersion "1"]
[SourceVersionDate "2008.11.26"]
[SourceQuality "1"]

1. e4 e5 2. Nf3 Nc6 3. Bb5 d6 4. 0-0 Bd7 5. c3 Nf6 6. Re1 h6 7. d4 exd4 8. cxd4 Be7 9. Nc3 a6 10. Bd3 Bg4 11. Be3 0-0 12. a3 Qc8 13. Ne2 Bxf3 14. gxf3 Nh7 15. Kh1 Kh8 16. Rg1 Bf6 17. f4 Qd7 18. Qc2 Rfe8 19. e5 1-0

[Event "Jena Fair op 8th"]
[Site "Jena"]
[Date "2008.10.16"]
[Round "3"]
[White "Kopanski, Lorenz"]
[Black "Schubert, Johannes"]
[Result "1-0"]
[WhiteElo "1536"]
[BlackElo "1788"]
[PlyCount "111"]
[EventDate "2008.10.15"]
[EventType "swiss"]
[EventRounds "9"]
[EventCountry "GER"]
[SourceTitle "EXT 2009"]
[Source "ChessBase"]
[SourceDate "2008.11.26"]
[SourceVersion "1"]
[SourceVersionDate "2008.11.26"]
[SourceQuality "1"]

1. e4 e5 2. Bc4 Nf6 3. d3 Be7 4. Nf3 d6 5. c3 Nc6 6. Bb3 0-0 7. Nbd2 Na5 8. Bc2 Bg4 9. h3 Bh5 10. Nf1 c5 11. Ng3 Bg6 12. a3 c4 13. d4 exd4 14. cxd4 d5 15. e5 Bxc2 16. Qxc2 Nd7 17. Bf4 Nb3 18. Rd1 Re8 19. 0-0 Nf8 20. Nd2 Nxd4 21. Qc3 Nfe6 22. Qe3 b5 23. Nf3 Nxf3+ 24. Qxf3 Nxf4 25. Qxf4 Bc5 26. Nh5 Re6 27. Rd2 d4 28. Rfd1 Qe7 29. Qe4 Re8 30. f4 Qh4 31. Qf3 c3 32. Rd3 cxb2 33. Rb3 a6 34. Rxb2 Qe7 35. Rb3 Rd8 36. Kh1 Qe8 37. f5 Rh6 38. Re1 f6 39. Nf4 fxe5 40. Ne6 Rxe6 41. fxe6 Qxe6 42. Rd3 Re8 43. Qe4 a5 44. Rc1 Qe7 45. Qd5+ Kh8 46. Qxc5 Qd8 47. Qxb5 Qa8 48. Re1 h6 49. Rxe5 Rb8 50. Qxa5 Rb1+ 51. Kh2 Qf8 52. Rf3 Qb8 53. Qc5 Qb2 54. Re8+ Kh7 55. Qf5+ g6 56. Qf7# 1-0

[Event "Jena Schwarzer Baer op"]
[Site "Jena"]
[Date "2007.02.06"]
[Round "6"]
[White "Schubert, Johannes"]
[Black "Schomann, Michael"]
[Result "1-0"]
[WhiteElo "1841"]
[BlackElo "1612"]
[PlyCount "127"]
[EventDate "2007.02.03"]
[EventType "swiss"]
[EventRounds "7"]
[EventCountry "GER"]
[SourceTitle "EXT 2008"]
[Source "ChessBase"]
[SourceDate "2007.11.25"]
[SourceVersion "1"]
[SourceVersionDate "2007.11.25"]
[SourceQuality "1"]

1. e4 e6 2. d4 d5 3. Nc3 Bb4 4. e5 c5 5. Bd2 cxd4 6. Nb5 Bc5 7. Nf3 Nc6 8. Bf4 Qa5+ 9. Bd2 Qb6 10. b3 a6 11. Nd6+ Bxd6 12. exd6 Nf6 13. Bg5 Ne4 14. Bd3 Nxd6 15. 0-0 0-0 16. Bf4 e5 17. Nxe5 Ne4 18. Qh5 Nf6 19. Qh4 Ne7 20. g4 Ng6 21. Nxg6 fxg6 22. g5 Nd7 23. Rae1 Nc5 24. Re7 Nxd3 25. cxd3 Be6 26. Be5 Rf7 27. Rxf7 Bxf7 28. Rc1 Qa5 29. Qxd4 Qd2 30. Rc7 Qxg5+ 31. Kf1 Re8 32. Qf4 Qf5 33. d4 Qxf4 34. Bxf4 b5 35. Be5 h6 36. Ra7 Re6 37. f4 Rc6 38. h4 Rc1+ 39. Ke2 Rc2+ 40. Kd3 Rxa2 41. Ra8+ Kh7 42. Kc3 g5 43. Ra7 gxh4 44. Rxf7 Kg6 45. Rxg7+ Kf5 46. Rf7+ Ke4 47. Rh7 a5 48. b4 Ra3+ 49. Kb2 axb4 50. Rxh6 h3 51. Rh5 Rf3 52. f5 Rf2+ 53. Kb3 h2 54. Rxh2 Rxf5 55. Kxb4 Rxe5 56. dxe5 Kxe5 57. Kxb5 d4 58. Kc4 Ke4 59. Rh4+ Ke3 60. Rxd4 Kf3 61. Kd3 Kf2 62. Re4 Kg3 63. Ke3 Kg2 64. Rf4 1-0

[Event "Jena Schwarzer Baer op"]
[Site "Jena"]
[Date "2007.02.03"]
[Round "1"]
[White "Schubert, Johannes"]
[Black "Fischer, Gerd"]
[Result "0-1"]
[WhiteElo "1841"]
[BlackElo "1993"]
[PlyCount "70"]
[EventDate "2007.02.03"]
[EventType "swiss"]
[EventRounds "7"]
[EventCountry "GER"]
[SourceTitle "EXT 2008"]
[Source "ChessBase"]
[SourceDate "2007.11.25"]
[SourceVersion "1"]
[SourceVersionDate "2007.11.25"]
[SourceQuality "1"]

1. e4 e6 2. d4 d5 3. Nc3 Nf6 4. Bg5 Be7 5. e5 Nfd7 6. Bxe7 Qxe7 7. Nf3 0-0 8. a3 c5 9. Nb5 Nc6 10. c3 f6 11. Qe2 a6 12. Nd6 cxd4 13. cxd4 fxe5 14. Nxc8 Raxc8 15. dxe5 Rf4 16. Qd2 Rcf8 17. 0-0-0 Qc5+ 18. Kb1 Ndxe5 19. Rc1 Nxf3 20. gxf3 Qd4 21. Qe2 Qf6 22. Bh3 Nd4 23. Qd1 Rxf3 24. Bxe6+ Nxe6 25. Qxd5 Qf5+ 26. Qxf5 R8xf5 27. Rhe1 Kf7 28. Rc4 Rxf2 29. h4 Rf1 30. Rxf1 Rxf1+ 31. Kc2 Rf4 32. Rc8 Rxh4 33. Rb8 Rc4+ 34. Kd3 Rc7 35. Rh8 Nf8 0-1

[Event "Karl Mala Memorial op 09th"]
[Site "Frankfurt"]
[Date "2005.07.29"]
[Round "3"]
[White "Diez, Gerhard"]
[Black "Schubert, Johannes"]
[Result "1-0"]
[WhiteElo "1959"]
[BlackElo "1469"]
[PlyCount "97"]
[EventDate "2005.07.28"]
[EventType "swiss"]
[EventRounds "7"]
[EventCountry "GER"]
[SourceTitle "EXT 2006"]
[Source "ChessBase"]
[SourceDate "2005.11.24"]
[SourceVersion "1"]
[SourceVersionDate "2005.11.24"]
[SourceQuality "1"]

1. e4 c5 2. Nf3 Nc6 3. d4 cxd4 4. Nxd4 e5 5. Nb5 a6 6. Nd6+ Bxd6 7. Qxd6 Qe7 8. Qc7 Nf6 9. Nc3 Qb4 10. Bd3 0-0 11. a3 Qa5 12. Qxa5 Nxa5 13. Bg5 Nh5 14. Nd5 f6 15. Be3 Nc6 16. g4 Nf4 17. Nxf4 exf4 18. Bxf4 Ne5 19. Be2 b5 20. 0-0-0 Bb7 21. f3 Bc6 22. g5 Ng6 23. Bd6 Rf7 24. Rhg1 f5 25. Bd3 f4 26. c3 Nf8 27. Bc2 g6 28. Bb3 Ne6 29. h4 Re8 30. Rd2 a5 31. Rh2 b4 32. axb4 axb4 33. Bxb4 Bb5 34. Rd2 Ra8 35. Kb1 Kg7 36. Bd6 h6 37. c4 Bc6 38. gxh6+ Kxh6 39. Rdg2 Nd4 40. Rxg6+ Kh7 41. Bd1 Ra6 42. b4 Ne6 43. Be5 Nf8 44. R6g5 Bb7 45. Bb3 Rh6 46. Rg7+ Rxg7 47. Rxg7+ Kh8 48. Rxd7+ Kg8 49. Rg7+ 1-0